Statistieken voor Willekeurige Aziatische Hoofdsteden op de Kaart

Klik hier om de quiz te nemen!

Algemene statistieken

  • Deze quiz is 766 keer genomen
  • De gemiddelde score is 9 van 12

Antwoorden op de kaart

Antwoorden kleurgecodeerd door een groen-rode schaal op de quizkaart volgens % correct hieronder.
 

Antwoordstatistieken

Hoofdstad% Correct
Ankara
96%
Tokio
95%
Peking
93%
Seoel
93%
New Delhi
87%
Singapore
87%
Manilla
84%
Pyongyang
84%
Bangkok
83%
Islamabad
80%
Abu Dhabi
79%
Bakoe
79%
Jakarta
79%
Bagdad
78%
Tbilisi
78%
Jeruzalem
77%
Nicosia
76%
Hanoi
75%
Koeweit
75%
Taipei
75%
Beiroet
74%
Teheran
74%
Ulaanbaatar
74%
Doha
72%
Kuala Lumpur
71%
Riyad
71%
Sri Jayewardenapura Kotte
67%
Dhaka
65%
Sanaa
64%
Astana
63%
Kathmandu
62%
Kabul
61%
Malé
61%
Thimphu
60%
Amman
59%
Dili
59%
Damascus
57%
Masqat
55%
Jerevan
53%
Phnom Penh
53%
Bisjkek
44%
Bandar Seri Begawan
43%
Manamah
42%
Naypyidaw
41%
Vientiane
41%
Tasjkent
37%
Asjchabad
32%
Doesjanbe
28%

Scoreverdeling

Percentiel versus Aantal Correcte Antwoorden

Procent van Mensen met Elke Score

Uw Scoregeschiedenis

U heeft deze quiz nog niet genomen